| 000 | 01117nam a2200349 a 4500 | ||
|---|---|---|---|
| 001 | 000108396 | ||
| 003 | CHAP | ||
| 005 | 20220817044600.0 | ||
| 008 | 140206s2012 it j |r| ||||||eng d | ||
| 010 | _a104858 | ||
| 011 | _a105830 | ||
| 020 | _a9789251071052 | ||
| 040 | _cCHAP | ||
| 082 | 0 | 4 |
_a639.2 _bF461y V.1059 |
| 245 | 1 | 0 |
_aFishing vessels execution of acoustic surveys for deep-sea species : _bmain issues and way forward / _cpor FAO. |
| 260 |
_aRoma : _bFAO, _cc2012. |
||
| 300 | _aix, 91 p. | ||
| 490 | 1 |
_aPesca y Acuicultura circular _v; 1059 |
|
| 590 |
_aE5995AHE _b05 _c20140206 _lUCH01 _h1338 |
||
| 590 |
_aE5995AHE _b05 _c20140206 _lUCH01 _h1338 |
||
| 590 |
_aE5995AHE _b05 _c20140206 _lUCH01 _h1347 |
||
| 650 | 1 | 4 |
_aIndustrias pecuarias. _958022 |
| 650 | 1 | 4 |
_aPesca marina _4Pesca marina _987438 |
| 650 | 1 | 4 |
_aPesca _xAdministración. _987353 |
| 650 | 1 | 4 |
_aPesca _xEmbarcaciones. _987376 |
| 650 | 1 | 4 |
_aProcesamiento automático de datos en pesca. _991804 |
| 650 | 1 | 4 | _aRecursos marinos. |
| 830 | 0 |
_aPesca y Acuicultura circular _v; 1059 _987441 |
|
| 901 | _aBK | ||
| 942 | _cLIBRO | ||
| 942 | _n0 | ||
| 999 |
_c104858 _d104858 |
||